The busy girl's guide to sewing : unlock your inner sewing goddess :
| Main Author: | |
|---|---|
| Format: | Book |
| Published: |
UK :
David & Charles Books ,
2011
|
| Subjects: |
MARC
| LEADER | 00000cam a2200000 7i4500 | ||
|---|---|---|---|
| 001 | 0000041553 | ||
| 005 | 20140804.0 | ||
| 008 | 140804 | ||
| 020 | |a 0715338684 | ||
| 090 | 0 | 0 | |a 646.404 |b MAC |
| 100 | 1 | |a Maclennan, Carrie | |
| 245 | 1 | 4 | |a The busy girl's guide to sewing : |b unlock your inner sewing goddess : |b projects, advice and inspiration for a creative lifestyle |c Carrie Maclennan |
| 260 | |a UK : |b David & Charles Books , |c 2011 | ||
| 650 | 0 | |a Dressmaking | |
| 650 | 0 | |a Sewing | |
| 999 | |a 0001293658 |b Book |c Adult Collection |e Perbadanan Perpustakaan Awam Johor | ||